Iniciación a la lectura de la Biblia: formación, transmisión e interpretación de la Biblia
I tiakina i:
| Kaituhi matua: | |
|---|---|
| Hōputu: | Pukapuka |
| Reo: | Pāniora |
| I whakaputaina: |
Santiago
Mundo
1976
|
| Putanga: | 2a. ed |
| Ngā marau: | |
| Ngā Tūtohu: |
Tāpirihia he Tūtohu
Kāore He Tūtohu, Me noho koe te mea tuatahi ki te tūtohu i tēnei pūkete!
|
MARC
| LEADER | 00000nam a2200000 a 4500 | ||
|---|---|---|---|
| 001 | UCY4852 | ||
| 003 | CL-VaPUC | ||
| 008 | 950403e19760000CL |||||||||||||||||spa|d | ||
| 082 | 0 | 4 | |a 220.61 |b FER |2 21 |
| 100 | 0 | |a Ferrando, Miguel Angel |e author |9 333369 | |
| 245 | 1 | 0 | |a Iniciación a la lectura de la Biblia: formación, transmisión e interpretación de la Biblia |
| 250 | |a 2a. ed | ||
| 300 | |a 349 p | ||
| 942 | |c BK | ||
| 945 | |d 19950403 00:00:00 |a aalvarez | ||
| 260 | |a Santiago |b Mundo |c 1976 | ||
| 650 | 0 | |a Biblia |9 257603 | |
| 650 | 0 | |a Textos sagrados |9 257605 | |
| 583 | |a last modification |c 20170628 12:15:40 |k Rodrigo Vera | ||
| 999 | |c 232607 |d 232605 | ||
| 952 | |0 0 |1 2 |4 0 |6 220_610000000000000_FER_1976 |7 0 |8 A |9 237334 |a BIBTEO |b BIBTEO |d 2019-11-15 |i 3072673 |o 220.61 FER 1976 |p 3072673 |r 2019-11-15 |w 2019-11-15 |x Descarte 2019 |y BK |k ICR | ||
| 952 | |0 0 |1 0 |4 0 |6 220_610000000000000_FER_1976 |7 0 |8 A |9 237335 |a BIBTEO |b BIBTEO |d 2019-11-15 |i 2079224 |o 220.61 FER 1976 |p 2079224 |r 2025-01-17 |w 2019-11-15 |y BK |k ICR | ||
| 952 | |0 0 |1 0 |4 0 |6 220_610000000000000_FER_1976 |7 0 |8 A |9 237336 |a BIBTEO |b BIBTEO |d 2019-11-15 |i 2098318 |o 220.61 FER 1976 |p 2098318 |r 2025-01-17 |w 2019-11-15 |y BK |k ICR | ||